000
00323nam a2200109Ia 4500
008
171211s9999 xx 000 0 und d
245
_a
Muslims in Western Europe, 4th Edition
245
_c
Jonas Otterbeck and Jørgen Nielsen
260
_c
2016
650
_x
Religion
856
_u
http://down.ebook777.com/063/1474409334.pdf
999
_c
350470
_d
350470